Statistics for Stories of The Railway Series

Click here to take the quiz!

General Stats

  • This quiz has been taken 12 times
  • The average score is 121 of 175

Answer Stats

Author & YearAnswer% Correct
Rev. W. Awdry (1951)The Flying Kipper
100%
Rev. W. Awdry (1946)Thomas and the Breakdown Train
100%
Rev. W. Awdry (1954)Cows!
92%
Rev. W. Awdry (1953)Down the Mine
92%
Rev. W. Awdry (1945)Edward and Gordon
92%
Rev. W. Awdry (1945)Edward, Gordon and Henry
92%
Rev. W. Awdry (1945)Edward’s Day Out
92%
Rev. W. Awdry (1968)Escape
92%
Rev. W. Awdry (1962)Gallant Old Engine
92%
Rev. W. Awdry (1954)Old Iron
92%
Rev. W. Awdry (1956)Percy’s Promise
92%
Rev. W. Awdry (1950)Tenders and Turntables
92%
Rev. W. Awdry (1960)The Deputation
92%
Rev. W. Awdry (1945)The Sad Story of Henry
92%
Rev. W. Awdry (1949)Thomas and Bertie
92%
Rev. W. Awdry (1946)Thomas and Gordon
92%
Rev. W. Awdry (1990)Thomas and Gordon Off the Rails
92%
Rev. W. Awdry (1946)Thomas and the Trucks
92%
Rev. W. Awdry (1961) | Rev. W. Awdry (1985)Thomas Comes to Breakfast
92%
Rev. W. Awdry (1949)Thomas Goes Fishing
92%
Rev. W. Awdry (1946)Thomas’ Train
92%
Rev. W. Awdry (1950)Trouble in the Shed
92%
Rev. W. Awdry (1959)Trucks!
92%
Rev. W. Awdry (1958)A Close Shave
83%
Rev. W. Awdry (1963)Bluebells of England
83%
Rev. W. Awdry (1963)Bowled Out
83%
Rev. W. Awdry (1960)Break Van
83%
Rev. W. Awdry (1969)Bulgy
83%
Rev. W. Awdry (1970)Bulldog
83%
Rev. W. Awdry (1951)Coal
83%
Rev. W. Awdry (1965)Crosspatch
83%
Rev. W. Awdry (1961)Daisy
83%
Rev. W. Awdry (1952)Dirty Objects
83%
Rev. W. Awdry (1956)Duck Takes Charge
83%
Rev. W. Awdry (1972)Ghost Train
83%
Rev. W. Awdry (1957)Gordon Goes Foreign
83%
Rev. W. Awdry (1951)Gordon’s Whistle
83%
Rev. W. Awdry (1950)Henry and the Elephant
83%
Rev. W. Awdry (1952)Henry’s Sneeze
83%
Rev. W. Awdry (1960)“Hullo Twins!”
83%
Rev. W. Awdry (1948)James and the Express
83%
Rev. W. Awdry (1948)James and the Top Hat
83%
Rev. W. Awdry (1972)Mavis
83%
Rev. W. Awdry (1967)Mike’s Whistle
83%
Rev. W. Awdry (1953)Off the Rails
83%
Rev. W. Awdry (1955)Old Faithful
83%
Christopher Awdry (1984)Old Stuck-Up
83%
Rev. W. Awdry (1954)Paint Pots and Queens
83%
Rev. W. Awdry (1962)Passengers and Polish
83%
Rev. W. Awdry (1956)Percy and Harold
83%
Rev. W. Awdry (1950)Percy Runs Away
83%
Rev. W. Awdry (1961)Percy’s Predicament
83%
Rev. W. Awdry (1957)Percy Takes the Plunge
83%
Rev. W. Awdry (1958)Pop Goes the Diesel
83%
Rev. W. Awdry (1969)Resource and Sagacity
83%
Rev. W. Awdry (1954)Saved from Scrap
83%
Rev. W. Awdry (1955)Sir Handel
83%
Rev. W. Awdry (1970)Sleeping Beauty
83%
Rev. W. Awdry (1962)Special Funnel
83%
Rev. W. Awdry (1962)Steam-Roller
83%
Rev. W. Awdry (1968)Super Rescue
83%
Rev. W. Awdry (1968)Tenders for Henry
83%
Rev. W. Awdry (1966)The Diseasel
83%
Rev. W. Awdry (1960)The Missing Coach
83%
Rev. W. Awdry (1949)Thomas and the Guard
83%
Rev. W. Awdry (1952)Thomas in Trouble
83%
Rev. W. Awdry (1967)Tit for Tat
83%
Rev. W. Awdry (1972)Toby’s Tightrope
83%
Rev. W. Awdry (1963)Train Stops Play
83%
Rev. W. Awdry (1948)Troublesome Trucks
83%
Rev. W. Awdry (1967)Useful Railway
83%
Rev. W. Awdry (1972)Woolly Bear
83%
Rev. W. Awdry (1966)Wrong Road
83%
Rev. W. Awdry (1970)You Can’t Win
83%
Rev. W. Awdry (1964)Bad Look-Out
75%
Rev. W. Awdry (1967)Ballast
75%
Rev. W. Awdry (1954)Bertie’s Chase
75%
Rev. W. Awdry (1965)Bucking Bronco
75%
Rev. W. Awdry (1961)Bulls Eyes
75%
Rev. W. Awdry (1966)Buzz, Buzz
75%
Christopher Awdry (1984)Crossed Lines
75%
Rev. W. Awdry (1964)Danger Points
75%
Christopher Awdry (1984)Deep Freeze
75%
Rev. W. Awdry (1964)“Devil’s Back”
75%
Rev. W. Awdry (1958)Dirty Work
75%
Rev. W. Awdry (1958)Domeless Engines
75%
Rev. W. Awdry (1969)Donald’s Duck
75%
Rev. W. Awdry (1965)Duck and Dukes
75%
Rev. W. Awdry (1966)Edward’s Exploit
75%
Rev. W. Awdry (1970)Granpuff
75%
Rev. W. Awdry (1959)Home at Last
75%
Rev. W. Awdry (1948)James and the Bootlace
75%
Rev. W. Awdry (1953)Leaves
75%
Rev. W. Awdry (1968)Little Western
75%
Rev. W. Awdry (1964)Mountain Engine
75%
Rev. W. Awdry (1953)Mrs. Kyndley’s Christmas
75%
Rev. W. Awdry (1956)Percy and the Signal
75%
Rev. W. Awdry (1955)Peter Sam and the Refreshment Lady
75%
Christopher Awdry (1985)Pop-Special
75%
Rev. W. Awdry (1959)Rock ’n’ Roll
75%
Rev. W. Awdry (1955)Skarloey Remembers
75%
Rev. W. Awdry (1957)The Fat Controller’s Engines
75%
Rev. W. Awdry (1969)Toad Stands By
75%
Rev. W. Awdry (1952)Toby and the Stout Gentleman
75%
Christopher Awdry (1986)Better Late than Never
67%
Rev. W. Awdry (1957)Double Header
67%
Christopher Awdry (1986)Drip Tank
67%
Christopher Awdry (1983)Fish
67%
Christopher Awdry (1993)Henry Sees Red
67%
Rev. W. Awdry (1959)Little Old Twins
67%
Christopher Awdry (1983)Mind that Bike
67%
Christopher Awdry (1993)Overhaul
67%
Rev. W. Awdry (1951)Percy and the Trousers
67%
Christopher Awdry (1989)Scrambled Eggs
67%
Rev. W. Awdry (1963)Stepney’s Special
67%
Rev. W. Awdry (1965)Stick-in-the-Mud
67%
Christopher Awdry (1983)Stop Thief!
67%
Christopher Awdry (1986)The Runaway
67%
Christopher Awdry (1987)Thomas and the Evil Diesel
67%
Christopher Awdry (1986)Thomas, Percy and the Coal
67%
Rev. W. Awdry (1949)Thomas, Terence and the Snow
67%
Christopher Awdry (1983)Triple-Header
67%
Christopher Awdry (1988)Bulstrode
58%
Christopher Awdry (1994)Cab Over Wheels
58%
Christopher Awdry (1989)Down the Drain
58%
Christopher Awdry (1984)Fire Engine
58%
Christopher Awdry (1990)Jock
58%
Christopher Awdry (1991)Not the Ticket
58%
Christopher Awdry (1994)Percy’s Porridge
58%
Christopher Awdry (1987)Smokescreen
58%
Christopher Awdry (1990)Sticking Power
58%
Christopher Awdry (1986)Thomas and the Missing Christmas Tree
58%
Christopher Awdry (1991)Thomas and the Railtour
58%
Christopher Awdry (1992)Thomas Comes Home
58%
Christopher Awdry (1992)Toby’s Megatrain
58%
Christopher Awdry (1988)Toby Takes the Road
58%
Christopher Awdry (1989)Trevor Helps Out
58%
Christopher Awdry (1990)We Need Another Engine
58%
Christopher Awdry (1989)What a Picture!
58%
Christopher Awdry (2005)Avalanche
50%
Christopher Awdry (1987)Gordon Proves His Point
50%
Christopher Awdry (1996)I Name this Engine…
50%
Christopher Awdry (1988)Mavis and the Lorry
50%
Christopher Awdry (1991)Museum-Piece
50%
Christopher Awdry (2012)Thomas and the Swan
50%
Rev. W. Awdry (1984)Thomas' Christmas Party
50%
Christopher Awdry (2012)Centenary
42%
Christopher Awdry (1990)Teamwork
42%
Christopher Awdry (1988)Toby’s Seaside Holiday
42%
Christopher Awdry (1991)Trouble on the Line
42%
Christopher Awdry (1992)Washout!
42%
Christopher Awdry (2012)Buffer Bashing
33%
Christopher Awdry (1995)Edward and the Cabbages
33%
Christopher Awdry (1994)Foaming at the Funnel
33%
Christopher Awdry (1995)Golden Jubilee
33%
Christopher Awdry (1993)Out of Puff
33%
Christopher Awdry (1985)Sir Handel Comes Home
33%
Christopher Awdry (1992)Thomas and the Hurricane
33%
Christopher Awdry (1994)Wired-Up
33%
Christopher Awdry (1995)Birdstrike
25%
Christopher Awdry (1996)Dirty Water
25%
Christopher Awdry (2005)Eels on Wheels
25%
Christopher Awdry (1987)High-Speed Gordon
25%
Christopher Awdry (1985)Patience is a Virtue
25%
Christopher Awdry (1985)Peter Sam and the Prickly Problem
25%
Christopher Awdry (1995)Rabbits
25%
Christopher Awdry (1996)Sir Handel’s Plan
25%
Christopher Awdry (1993)Sliding Scales
25%
Christopher Awdry (1992)Snow Problem
25%
Christopher Awdry (1996)Speedkiller
25%
Christopher Awdry (2005)Toby’s Vintage Train
25%
Christopher Awdry (1987)Fire Escape
17%
Christopher Awdry (2012)Gordon’s Fire Service
17%
Christopher Awdry (2005)Overloaded
17%

Score Distribution

Percentile by Number Answered

Percent of People with Each Score

Your Score History

You have not taken this quiz